000 00625nam a2200169 a 4500
008 100122s2009 ||||||||||||||||| || u
020 _a9780521872904
050 _aQC 173.4.C65 San
100 _aSander, Leonard M
245 1 0 _aAdvanced condensed matter physics
_cLeonard M. Sander
260 _aCambridge
_bCambridge University Press
_c2009
300 _aix, 274p.: ill.
350 _a0.00
650 0 _aPHYSICS
650 _aCONDENSED MATTER
995 _D0.00
_FCBU-MAIN LIBRARY (Kitwe)
_H1
_I0.00
_M1
_UAVAILABLE
_WFeb 24, 2010
_ZMain Library Open Access Collection
999 _c33535
_d33535